000 00786nam a2200217Ia 4500
003 GCL
008 140319s9999 xx 000 0 ara d
020 _a0178605977
040 _aGCL /
_cGCL
082 0 4 _a371.33
_bم ك
100 1 _aمجدى عزيز ابراهيم
245 1 0 _aالكمبيوتر والعملية التعليمية فى عصر التدفق المعلوماتى /
_cمجدى عزيز ابراهيم
260 _aالقاهرة :
_bمكتبة الانجلوالمصرية ،
_c2000
300 _a475 ص ؛
_c24 سم
650 0 4 _aالتعليم
650 0 4 _aالحاسبات الالكترونية
650 0 4 _aنظم المعلومات
650 0 4 _aالتعليم - وسائل سمعية و بصرية
650 0 4 _aالإنترنت
942 _2ddc
_cBK
999 _c1358
_d1358